| 000 | 00482cam a2200193 4500 | ||
|---|---|---|---|
| 001 | 4078994 | ||
| 005 | 20171226035658.0 | ||
| 008 | 720620s1972 nyu 001 0 eng | ||
| 010 | _a 72077923 | ||
| 040 |
_aDLC _cDLC _dDLC |
||
| 041 | _aeng | ||
| 080 | _a821.008 | ||
| 082 | 0 | 0 | _a821/008 SIM |
| 100 | 1 | _a21 | |
| 101 | _aGJL | ||
| 245 | 1 | 3 |
_aAn introduction to poetry. _c[Compiled by] Louis Simpson. |
| 906 |
_a7 _bcbc _corignew _d2 _eopcn _f19 _gy-gencatlg |
||
| 942 |
_2ddc _cBK |
||
| 999 |
_c39370 _d39370 |
||